000 00423nam a2200133Ia 4500
008 100328s9999 xx 000 0 und d
082 _b36357
100 _aसत्यपाल
245 _aइन्साफ का सौदा
260 _bडायमंड पॉकेट बुक्स
630 _aइन्साफ का सौदा
730 _aइन्साफ का सौदा
942 _cBOOK
999 _c526045
_d526042